00389nam a2200157Ia 4500100002000000650001200020942000700032654000900039245000900048260001900057082001700076300000800093546001200101999001700113952010100130 aJaffe/ Hilbert  aGeneral cBK aGMAT aGMAT bGalgotiac1987 a658bJAF/HIL a538 aENGLISH c29174d29174 001040708CRCaCRCEbCRCEd2023-03-17i3426l0o658 JAF/HILp11110r2023-03-17w2023-03-17yBK